Financial Accounting. (the impact of decisison Makers) (Record no. 832538)

MARC details
000 -LEADER
fixed length control field 00390pam a2200145 a 4500
020 ## - INTERNATIONAL STANDARD BOOK NUMBER
Terms of availability
041 ## - LANGUAGE CODE
Language code of original
082 ## - DEWEY DECIMAL CLASSIFICATION NUMBER
Classification number 332.0973
100 ## - MAIN ENTRY--PERSONAL NAME
Personal name PORTER (Gary .A.) / NORTON (Curtist.)
Relator term author
245 ## - TITLE STATEMENT
Title Financial Accounting. (the impact of decisison Makers)
Medium Textual Document
250 ## - EDITION STATEMENT
Edition statement 2nd
260 ## - PUBLICATION, DISTRIBUTION, ETC.
Name of publisher, distributor, etc. The Dryden Press Chicago Chicago
Date of publication, distribution, etc. 1998
300 ## - PHYSICAL DESCRIPTION
Extent XXIX,797
930 ## - EQUIVALENCE OR CROSS-REFERENCE-UNIFORM TITLE HEADING [LOCAL, CANADA]
Uniform title 3432
Holdings
Withdrawn status Lost status Damaged status Not for loan Collection Home library Current library Date acquired Cost, normal purchase price Total Checkouts Full call number Barcode Date last seen Copy number Price effective from Koha item type
          Institute of Management & Research, New Delhi Institute of Management & Research, New Delhi 24/09/2000 1325.00   332.0973 IMD-26PB0006810 17/08/2023 1 17/08/2023 Book